Statistics for Limmy's Show Characters Quiz

Click here to take the quiz!

General Stats

  • This quiz has been taken 29 times
  • The average score is 5 of 8

Answer Stats

HintAnswer% Correct
Host of "Adventure Call"Falconhoof
96%
"Fockin...." A spaced-out recluse who spends his days overanalysing meaningless thingsDee Dee
91%
Ex-junkie who spent three years of her life on heroin (and another five years on a methadone programme that was meant to get her off it)Jacqueline McCafferty
70%
Kleptomaniacal 60 year-old businessman and petty criminalMr. Mulvaney
65%
Sadistic television psychic medium, host of "Paraside"Raymond Day
57%
Sadistic teenage "ned" who terrorises and humiliates his victimsJohn Paul
35%
Primary school boy who invents various manipulative schemes to make money from his fellow pupilsWee Gary
30%
1950s television show host who conducts experiments taking various drugs, often ending in him having to be subduedLarry Forsyth
26%

Score Distribution

Percentile by Number Answered

Percent of People with Each Score

Your Score History

You have not taken this quiz